| 000 | 00672nam a2200217Ii 4500 | ||
|---|---|---|---|
| 003 | JO-AjNU | ||
| 008 | 230606s9999||||xx |||||||||||||| ||und|| | ||
| 020 | _a978-0-13-506417-7 | ||
| 040 |
_aJO-AjNU _beng _erda _cJO-AjNU |
||
| 041 | _aeng | ||
| 050 | 1 | 4 | _aQA76.9.C643 S73 2006 |
| 100 | 3 |
_aStallings,Willam, _eauthor _9889 |
|
| 245 | 0 | 0 | _a Computer organization and architecture : designing for performance . |
| 250 | _a8 ed | ||
| 264 | 3 | 1 | _aPearson Education International :new york,2010 |
| 300 | _a792p | ||
| 336 |
_atext _btxt _2rdacontent |
||
| 337 |
_aunmediated _bn _2rdamedia |
||
| 338 |
_avolume _bnc _2rdacarrier |
||
| 650 | 4 |
_a Computer organization. _9890 |
|
| 999 |
_aE469 _c469 _d469 |
||